000 00353nam a2200133Ia 4500
008 220204s9999 xx 000 0 und d
082 _a556
_bDUN
100 _aDUNNE, Thomas
245 0 _aWater in environmental planning.
260 _aSan Franscisco
_bW H Freeman
_c1978
650 _aEnvironmental planning
700 _aLEOPOLD, Luna B
942 _cBK
999 _c31984
_d31984